| 000 | 01597nam0a2200325 4500 | ||
|---|---|---|---|
| 001 | RU\NLR\bibl\64591 | ||
| 005 | 20260407051540.0 | ||
| 021 |
_aRU _b98-48655 _92428 |
||
| 035 | _a(NLR Aleph) 000063034 | ||
| 090 |
_a344329 _c344329 |
||
| 100 | _a19991220d1998 |||y0rusy50 ca | ||
| 101 | 0 |
_arus _aeng _ager |
|
| 102 | _aRU | ||
| 105 | _ay ||||||||| | ||
| 200 | 1 |
_aМенеджмент в социальных структурах _eМежвуз. сб. науч. тр. _fМ-во общ. и проф. образования Рос. Федерации, Ом. гос. пед. ун-т. Фак. повышения м менеджмента, Universität Hannover, Assotiation of business executives (ABE), London _g[Отв. ред. Jörn Fern, А.И. Ковалев] |
|
| 210 |
_aОмск _cИзд-во ОмГПУ _d1998 |
||
| 215 |
_a387, [1]с. _cил. _d20 |
||
| 300 | _aЧасть текста на англ. и нем. яз. | ||
| 320 | _aБиблиогр. в конце ст. | ||
| 606 | 0 |
_aМенеджмент _jСборники _91566100 _3RU\NLR\auth\66685658 |
|
| 686 | _aУ21(0)я43 | ||
| 702 | 1 |
_aФерн _bЙ. _gЙерн _4340 |
|
| 712 | 0 | 2 |
_4570 _aОмский государственный педагогический университет _bФакультет экономики и менеджмента _3RU\NLR\AUTH\8810020833 _9539662 |
| 801 | 0 |
_aRU _bNLR _c19991220 _gPSBO |
|
| 801 | 1 |
_aRU _bNLR _c19991220 |
|
| 830 | _aС иностр. гр. советовалась | ||
| 852 |
_aNLR _j99-3/16283 |
||
| 942 | _cBOOK | ||
| 980 | _aNB | ||